000 00745nam a2200217Ia 4500
003 GCL
008 140319s9999 xx 000 0 ara d
040 _aGCL /
_cGCL
082 0 4 _aق
_b962.031
_bم ب
100 1 _aمحمد فؤاد شكرى
245 1 0 _aبناء دولة مصر محمد على :
_bالسياسة الداخلية /
_cمحمد فؤاد شكرى
700 1 _aعبدالمقصود العنانى
700 1 _aسيد محمد خليل
300 _a847 ص ؛
_c24 سم
490 _a
650 0 4 _aالاصلاح الزراعى
650 0 4 _aالسياسة الاجتماعية
650 0 4 _aالاصلاح الادارى
650 0 4 _aمصر - تاريخ - العصر الحديث (1805 - 1956 )
942 _2ddc
_cBK
999 _c45712
_d45712